[Event "Martinique-ch"]
[Site "Madiana"]
[Date "2016.05.14"]
[Round "10"]
[White "Lebon, Nicolas"]
[Black "Tin, Romain"]
[Result "1-0"]
[WhiteElo "1874"]
[BlackElo "1571"]
[PlyCount "82"]
[EventDate "2016.05.05"]
[EventType "tourn"]
[EventRounds "11"]
[EventCountry "MFR"]
[SourceTitle "EXT 2019"]
[Source "ChessBase"]
[SourceDate "2018.10.10"]
[SourceVersion "1"]
[SourceVersionDate "2018.10.10"]
[SourceQuality "1"]

1. f4 d5 2. Nf3 c5 3. e3 Bg4 4. b3 e6 5. Bb2 Nf6 6. Bb5+ Nbd7 7. 0-0 a6 8. Bxd7+ Nxd7 9. d3 f6 10. h3 Bxf3 11. Qxf3 Qb6 12. Nd2 Be7 13. f5 0-0 14. Kh1 d4 15. Nc4 Qc7 16. exd4 b5 17. fxe6 bxc4 18. exd7 cxd3 19. Qxd3 Qxd7 20. d5 Rfd8 21. c4 a5 22. Rfe1 Bd6 23. Bc3 a4 24. Qd2 Bb8 25. b4 cxb4 26. Bxb4 Qc7 27. d6 Qxc4 28. Rac1 Qb5 29. Rc5 Qb7 30. Re7 Qa6 31. Rc1 Bxd6 32. Re6 Rac8 33. Rd1 Be7 34. Qxd8+ Bxd8 35. Re8+ Kf7 36. Rf8+ Kg6 37. Rfxd8 Rxd8 38. Rxd8 Kg5 39. Ra8 f5 40. Rxa6 g6 41. Rxa4 f4 1-0